| 000 | 01488nam0a2200337 4500 | ||
|---|---|---|---|
| 001 | RU\NLR\bibl\483543 | ||
| 005 | 20260406044618.0 | ||
| 010 |
_a5-900736-20-2 _91500 |
||
| 021 |
_aRU _b2003-61559 _93019 |
||
| 035 | _a(NLR Aleph) 000476297 | ||
| 090 |
_a1025391 _c1025391 |
||
| 100 | _a20040126d2003 |||y0rusy50 ca | ||
| 101 | 0 | _arus | |
| 102 | _aRU | ||
| 105 | _aa ||||||||| | ||
| 200 | 1 |
_aКак беречь любовь & психобиоритмическая совместимость (ПБС) человека с человеком _fЮ.М. Орлов |
|
| 205 | _a2-е изд., перераб. | ||
| 210 |
_aМ. _cСлайдинг _d2003 |
||
| 215 |
_a103,[2] с. _cил. _d20 |
||
| 300 | _aНа 4-й с. обл. авт.: Орлов Ю.М., д.психол.н., к.филос.н. | ||
| 320 | _aДр. кн. авт. на 4-й с. обл. | ||
| 517 | 0 | _aПсихобиоритмическая совместимость (ПБС) человека с человеком | |
| 606 | 0 |
_aЛюбовь _xСоциально-психологические исследования _92154281 _3RU\NLR\auth\661297044 |
|
| 686 | _aС550.53 | ||
| 700 | 1 |
_4070 _8rus _7ca _aОрлов _bЮ. М. _cд-р психол. наук _f1928-2000 _gЮрий Михайлович _3RU\NLR\auth\774441 _9114422 |
|
| 801 | 0 |
_aRU _bNLR _c20040126 _gPSBO |
|
| 801 | 1 |
_aRU _bNLR _c20040126 |
|
| 830 | _aАвт. по кн. | ||
| 942 | _cBOOK | ||
| 980 | _aNB | ||